<?xml version="1.0" encoding="UTF-8"?>
<record
    xmlns:xsi="http://www.w3.org/2001/XMLSchema-instance"
    xsi:schemaLocation="http://www.loc.gov/MARC21/slim http://www.loc.gov/standards/marcxml/schema/MARC21slim.xsd"
    xmlns="http://www.loc.gov/MARC21/slim">

  <leader>00722nab a2200241 uc4500</leader>
  <controlfield tag="001">761307</controlfield>
  <controlfield tag="005">20240201183358.0</controlfield>
  <controlfield tag="008">020716e20020501                    spa  </controlfield>
  <datafield tag="035" ind1=" " ind2=" ">
    <subfield code="a">761307</subfield>
  </datafield>
  <datafield tag="035" ind1=" " ind2=" ">
    <subfield code="a">(OCoLC)819980729</subfield>
  </datafield>
  <datafield tag="040" ind1=" " ind2=" ">
    <subfield code="c">comduadb</subfield>
  </datafield>
  <datafield tag="041" ind1=" " ind2=" ">
    <subfield code="a">spa</subfield>
  </datafield>
  <datafield tag="100" ind1="1" ind2="0">
    <subfield code="a">Gaillard, Pierre</subfield>
    <subfield code="4">aut</subfield>
    <subfield code="e">aut</subfield>
    <subfield code="9">359291</subfield>
  </datafield>
  <datafield tag="245" ind1="1" ind2="4">
    <subfield code="a">Los limites de la genetica</subfield>
  </datafield>
  <datafield tag="650" ind1=" " ind2=" ">
    <subfield code="a">Gen&#xE9;tica - Aspectos &#xE9;ticos</subfield>
    <subfield code="9">70637</subfield>
  </datafield>
  <datafield tag="650" ind1=" " ind2="7">
    <subfield code="a">Bio&#xE9;tica</subfield>
    <subfield code="2">lemb</subfield>
    <subfield code="9">4661</subfield>
  </datafield>
  <datafield tag="650" ind1=" " ind2="7">
    <subfield code="a">Genoma humano</subfield>
    <subfield code="2">lemb</subfield>
    <subfield code="9">53826</subfield>
  </datafield>
  <datafield tag="650" ind1=" " ind2="7">
    <subfield code="a">Ciencias de la vida</subfield>
    <subfield code="2">lemb</subfield>
    <subfield code="9">13079</subfield>
  </datafield>
  <datafield tag="650" ind1=" " ind2=" ">
    <subfield code="a">C&#xE9;lulas madre</subfield>
    <subfield code="9">26199</subfield>
  </datafield>
  <datafield tag="650" ind1=" " ind2=" ">
    <subfield code="a">Clonaci&#xF3;n</subfield>
    <subfield code="9">18934</subfield>
  </datafield>
  <datafield tag="773" ind1="0" ind2=" ">
    <subfield code="t">El Nuevo Correo Unesco</subfield>
    <subfield code="g">Mayo, 2002, p. 18-22</subfield>
    <subfield code="w">763543</subfield>
    <subfield code="z">0304310X</subfield>
    <subfield code="0">252544</subfield>
  </datafield>
  <datafield tag="942" ind1=" " ind2=" ">
    <subfield code="c">ARIMP</subfield>
  </datafield>
  <datafield tag="999" ind1=" " ind2=" ">
    <subfield code="c">250152</subfield>
    <subfield code="d">250152</subfield>
  </datafield>
</record>
